| 000 | 01173cam a22003133a 4500 | ||
|---|---|---|---|
| 001 | 12668649 | ||
| 003 | ARRUPE | ||
| 005 | 20130926134812.0 | ||
| 008 | 020205s2001 cau 000 0 eng d | ||
| 010 | _a 2002275305 | ||
| 020 | _a0898708184 | ||
| 035 | _a(OCoLC)ocm47658393 | ||
| 040 |
_aAPL _cAPL _dDLC |
||
| 050 | 0 | 0 |
_aBS2585.3 _b.H12 2001 |
| 100 | 1 |
_aHahn, Scott. _91439 |
|
| 245 | 1 | 4 |
_aThe Gospel of Mark : _bwith introduction, commentary, and notes and with study questions / _cby Scott Hahn and Curtis Mitch and with study questions by Dennis Walters. |
| 246 | 1 | 4 |
_aGospel of Mark : _bcommentary, notes, & study questions |
| 250 | _aRev. standard version. 2nd Catholic ed. | ||
| 260 |
_aSan Francisco : _bIgnatius Press, _cc2001. |
||
| 300 |
_a58 p. ; _c24 cm. |
||
| 440 | 0 |
_aIgnatius Catholic study Bible _91440 |
|
| 630 | 0 | 0 |
_aBible. _pMark _xStudy and teaching. _91441 |
| 630 | 0 | 0 |
_aBibleN.T. _pMark _xCommentaries. _91442 |
| 700 | 1 |
_aMitch, Curtis. _91443 |
|
| 700 | 1 |
_aWalters, Dennis. _91444 |
|
| 906 |
_a7 _bcbc _ccopycat _d3 _encip _f20 _gy-gencatlg |
||
| 942 |
_2lcc _cMONOGRAPH |
||
| 999 |
_c118092 _d118092 |
||